000 00486nam a2200181Ia 4500
008 100917s9999 xx 000 0 und d
082 _b57257
100 _aचिखले सुरेश
245 _aझंुबर
260 _bडिम्पल पब्लिकेशन्स
_c---
300 _a115
365 _b18
520 _aकादंबरी
630 _aझंुबर
650 _aकादंबरी
730 _aझंुबर
942 _cBOOK
999 _c662651
_d662648